| 000 | 00342nam a2200145Ia 4500 | ||
|---|---|---|---|
| 003 | OSt | ||
| 008 | 191201s2014 xx 000 0 und d | ||
| 082 |
_a658.83 _bSRC |
||
| 100 | _aSRINIVASAN, R | ||
| 245 | 0 | _aCase Studies in Marketing The Indian Context | |
| 260 |
_aNew Delhi _bPHI _c2014 |
||
| 300 | _a398 | ||
| 650 | _aBBA | ||
| 942 |
_2ddc _cBK |
||
| 999 |
_c6061 _d6061 |
||